000 00333nam a22001337a 4500
003 OSt
005 20231127211555.0
008 231127b |||||||| |||| 00| 0 eng d
040 _cCO-JMCR
082 _aC /
_bRORe
100 _aRores Evita
_eautora
_942966
245 _a¿Como se escriben las cosas? /
_cEvita Rores
942 _2ddc
_cBK
999 _c30369
_d16753